000 00415nam a2200157Ia 4500
008 231217s9999 xx 000 0 und d
041 _aEnglish
082 _a621.38411 NAR;5
100 _aNarayan, C P.
245 0 _aAntenna and wave propagation VII sem EC
250 _a1st ed.
260 _c2001
_bTecnical Publication
_aPune
300 _avii, 255
650 _aAntenna,wave,propagation,VII
942 _cAA
999 _c197301
_d197301